000 00411pab a2200169 454500
008 180718b1995 xxu||||| |||| 00| 0 eng d
100 _aChakravarthy, Nikhil
245 _aWages of Manmohanomics
260 _c1995
300 _ap.3-4
362 _a29 Jul
650 _aEconomic planning - India
650 _aWages - India
650 _aCentral planning - India
773 _aMainstream
909 _a29123
999 _c29123
_d29123